000 00895nam a22002657a 4500
001 8075
003 FISKH
005 20250821100109.0
008 250821b cb ||||| |||| 00| 0 eng d
020 _a9781550740165
040 _aFISKH
_beng
_cFISKH
_dFISKH
050 _aPZ7.B6654 H
082 _2 813.54
100 _aBourgeois, Paulette
245 _aHurry up, Franklin /
_cWritten by Paulette Bourgeois ; illustrated by Brenda Clark
260 _aToronto :
_bKids can Press,
_c1989.
300 _a30 unnumbered pages :
_bcolor illustrations ;
_c22 cm
505 _aM
520 _aEven though he is very slow and has many distractions on the way, Franklin the turtle manages to get to Bear's house just in time for a special event.
521 8 _a530
_bLexile
521 8 _aM
_bRaz-Plus
700 _aClark, Brenda
_eillustrator
942 _2ddc
_cBK
_n0
999 _c8075
_d8075